000 01036naa a22002537a 4500
001 BR7901796
003 BR-BrBNA
005 20240918174334.0
007 ta
008 230509b bl.||||| |||| 00| 0 por d
040 _aBR-BrBNA
_bpor
_cBiblioteca Nacional de Agricultura
041 _a(Pt)
072 _aE30
_b/G514
090 _aE30 BR7901796
100 1 _aCastro, N. de
245 1 _aOrganismos e programas oficiais de apoio ao meio rural [Brasil]
260 3 _aPorto Alegre, RS (Brasil):
_bGlobo,
_c1978.
500 _aMagalhaes, A.; Bordini, M. da G. (eds.) Grande manual globo de agricultura, pecuaria e receituario industrial Porto Alegre, RS (Brasil): Globo, 1978. p. 93-112 (BR7901796-AM)E30
650 _aASSISTENCIA TECNICA
650 _aDESENVOLVIMENTO RURAL
773 0 _tGrande manual globo de agricultura, pecuaria e receituario industrial
_aMagalhaes, A.; Bordini, M. da G. (eds.)
_b
_wE30 BR7901796
_gPorto Alegre, RS (Brasil), 1978. p. 93-112
909 _a202404
_bLucia
_c55
_dLucia Elande
942 _cAM
_2AGRIS
999 _c310520
_d310520